000 00687cam a22002531 4500
001 sa 67001299
003 DLC
005 20260227112321.0
008 890601s1965 ii 000 0 hino
010 _asa 67001299
035 _a(OCoLC)19796095
040 _aDLC
_cWaU
_dDLC
042 _apremarc
043 _aa-ii---
050 0 0 _aHC437.R3
_bD32
100 1 _aDaśorā, Bhaṃvaralāla.
245 1 0 _aRājasthāna : pragati ke pandraha varsha.
260 _c[1965]
300 _a143 p.
_c26 cm.
500 _aIn Hindi.
651 0 _aRajasthan (India)
_xEconomic conditions.
651 0 _aRajasthan (India)
_xSocial conditions.
700 1 _aCaturvedī, Bhagavataśaraṇa.
999 _c72520
_d72520